Guía práctica de ecografía abdominal / (Record no. 128477)

MARC details
000 -LEADER
campo de control de longitud fija 00665nam a2200205 i 4500
001 - NÚMERO DE CONTROL
campo de control 128477
003 - IDENTIFICADOR DE NÚMERO DE CONTROL
campo de control ES-MaACL
007 - CAMPO FIJO DE DESCRIPCIÓN FÍSICA--INFORMACIÓN GENERAL
campo de control de longitud fija t|
008 - DATOS DE LONGITUD FIJA--INFORMACIÓN GENERAL
campo de control de longitud fija 070514s1982 sp ||||1| spa d
080 ## - NÚMERO DE LA CLASIFICACIÓN DECIMAL UNIVERSAL
Número de la Clasificación Decimal Universal 617.55-073.432.19
100 1# - ENTRADA PRINCIPAL--NOMBRE DE PERSONA
Nombre de persona Taboury, J.
9 (RLIN) 109041
245 10 - MENCIÓN DEL TÍTULO
Título Guía práctica de ecografía abdominal /
Mención de responsabilidad, etc. por J. Taboury ; prefacio de J. Chalut ; versión de Fausto Gimeno Solsona.
250 ## - MENCION DE EDICION
Mención de edición 1ª ed.
260 ## - PUBLICACIÓN, DISTRIBUCIÓN, ETC.
Lugar de publicación, distribución, etc. [Barcelona] :
Nombre del editor, distribuidor, etc. Toray-Masson,
Fecha de publicación, distribución, etc. [1982]
300 ## - DESCRIPCIÓN FÍSICA
Extensión XI, 154 p. :
Otras características físicas il. ;
Dimensiones 26 cm.
650 14 - PUNTO DE ACCESO ADICIONAL DE MATERIA--TÉRMINO DE MATERIA
Término de materia o nombre geográfico como elemento de entrada Abdomen-
Subdivisión general Ecografía.
9 (RLIN) 9560
700 1# - ENTRADA AGREGADA--NOMBRE PERSONAL
Nombre de persona Chalut, J.
9 (RLIN) 37836
700 1# - ENTRADA AGREGADA--NOMBRE PERSONAL
Nombre de persona Gimeno Solsona, Fausto.
9 (RLIN) 57098
852 ## - LOCALIZACIÓN
Ubicación ES-MaACL
Número de control de estantería L-4057
Sublocalización o colección R.104557
Holdings
Estatus retirado Estado de pérdida Estado de daño No para préstamo Biblioteca de origen Biblioteca actual Ubicación en estantería Fecha de adquisición Fuente de adquisición Total de préstamos Signatura topográfica completa Código de barras Visto por última vez Precio de reemplazo Tipo de ítem Koha
        Biblioteca del Ateneo de Madrid Biblioteca del Ateneo de Madrid Depósito 2 17/01/2008     L-4057 1133806 23/02/2023 23/02/2023 Libro impreso